|
|
|
|
| LEADER |
00000nam0a2200000 4500 |
| 001 |
304247 |
| 005 |
20231102001701.0 |
| 035 |
|
|
|a (RuTPU)RU\TPU\book\329482
|
| 090 |
|
|
|a 304247
|
| 100 |
|
|
|a 20150911d1982 km y0rusy50 ca
|
| 101 |
0 |
|
|a rus
|
| 102 |
|
|
|a RU
|
| 105 |
|
|
|a a z 001zy
|
| 200 |
1 |
|
|a Исследования хвостохранилищ и накопителей промстоков
|e сборник научных трудов
|f Всесоюзный научно-исследовательский институт водоснабжения, канализации, гидротехнических сооружений и инженерной гидрогеологии (ВНИИводгео) ; под ред. В. М. Павилонского
|
| 210 |
|
|
|a Москва
|c Изд-во ВНИИ ВОДГЕО
|d 1982
|
| 215 |
|
|
|a 137 с.
|c ил.
|
| 320 |
|
|
|a Библиогр. в конце ст.
|
| 606 |
1 |
|
|a Хвостохранилища
|x Исследование
|2 stltpush
|3 (RuTPU)RU\TPU\subj\17162
|9 42970
|
| 610 |
1 |
|
|a промышленные стоки
|
| 610 |
1 |
|
|a накопители
|
| 610 |
1 |
|
|a отходы
|
| 610 |
1 |
|
|a противофильтрационные устройства
|
| 610 |
1 |
|
|a ограждающие конструкции
|
| 610 |
1 |
|
|a дамбы
|
| 610 |
1 |
|
|a буферные пруды
|
| 610 |
1 |
|
|a намывные массивы
|
| 610 |
1 |
|
|a гидросмеси
|
| 675 |
|
|
|a 622.7'17
|v 4
|
| 702 |
|
1 |
|a Павилонский
|b В. М.
|4 340
|
| 712 |
0 |
2 |
|a Всесоюзный научно-исследовательский институт водоснабжения, канализации, гидротехнических сооружений и инженерной гидрогеологии (ВНИИводгео)
|c (Москва)
|c (1934-1991)
|2 stltpush
|3 (RuTPU)RU\TPU\col\4603
|
| 801 |
|
1 |
|a RU
|b 63413507
|c 20150911
|
| 801 |
|
2 |
|a RU
|b 63413507
|c 20190425
|g RCR
|
| 942 |
|
|
|c BK
|